Cuentos serios y alegres. (Record no. 197914)

MARC details
000 -LEADER
campo de control de longitud fija 01733nam a2200325 i 4500
001 - NÚMERO DE CONTROL
campo de control 197914
003 - IDENTIFICADOR DE NÚMERO DE CONTROL
campo de control ES-MaACL
005 - FECHA Y HORA DE LA ÚLTIMA TRANSACCIÓN
campo de control 20251103144349.0
007 - CAMPO FIJO DE DESCRIPCIÓN FÍSICA--INFORMACIÓN GENERAL
campo de control de longitud fija ta
008 - DATOS DE LONGITUD FIJA--INFORMACIÓN GENERAL
campo de control de longitud fija 250611e1952 sp ||||| |||| 001 1 spa d
040 ## - FUENTE DE CATALOGACIÓN
Centro catalogador/agencia de origen ES-MaACL
Lengua de catalogación spa
Centro/agencia transcriptor ES-MaACL
Normas de descripción rda
080 ## - NÚMERO DE LA CLASIFICACIÓN DECIMAL UNIVERSAL
Número de la Clasificación Decimal Universal 821.134.2-34"19"
245 00 - MENCIÓN DEL TÍTULO
Título Cuentos serios y alegres.
Número de parte o sección de la obra Volumen I /
Mención de responsabilidad, etc. (Cía, Handersen, Perrault, Grimm, Abril, Pardo Bazán, J.M.ª Pemán), seleccionados por A. Garmendia de Otaola, S.J.
264 #1 - PRODUCCIÓN, PUBLICACIÓN, DISTRIBUCIÓN, FABRICACIÓN Y COPYRIGHT
Producción, publicación, distribución, fabricación y copyright Bilbao :
Nombre del de productor, editor, distribuidor, fabricante El Mensajero del Corazón de Jesús,
Fecha de producción, publicación, distribución, fabricación o copyright 1952
300 ## - DESCRIPCIÓN FÍSICA
Extensión 64 páginas ;
Dimensiones 17 cm
336 ## - TIPO DE CONTENIDO
Fuente rdacontent
Término de tipo de contenido texto
337 ## - TIPO DE MEDIO
Fuente rdamedia
Nombre/término del tipo de medio sin mediación
338 ## - TIPO DE SOPORTE
Fuente rdacarrier
Nombre/término del tipo de soporte volumen
490 0# - MENCIÓN DE SERIE
Mención de serie De broma y de veras ;
Designación de volumen o secuencia número 472
500 ## - NOTA GENERAL
Nota general Índice
505 0# - NOTA DE CONTENIDO CON FORMATO
Nota de contenido con formato Cuento: ¿qué es? ; El cuento en Grecia y en el Oriente ; Principales cuentistas portugueses, italianos, franceses, ingleses y alemanes, antiguos y modernos ; Taravilla, el mentiroso / C. Cía, S.J. ; Sin tregua / E. Pardo bazán ; El demonio fue antes ángel / C. Cía, S.J. ; Leyenda de Fra Primitivo y el Pozo / José M.ª Pemán ; El ruiseñor / H. Andersen ; El gato con botas / C. Perrault ; El doctor "Sabelotodo" / J.L.C. Grimm ; Chuchi, Polín y el diablo / José M.ª Pemán ; El cuento, "¡no es verdad!" / M. Abril ; La bella desconocida / José M.ª Pemán
655 #7 - TERMINO DE INDIZACIÓN--GENERO/FORMA
9 (RLIN) 226829
Datos o término principal de género/forma Cuentos
700 1# - ENTRADA AGREGADA--NOMBRE PERSONAL
9 (RLIN) 55586
Nombre de persona Garmendia de Otaola, Antonio
Término indicativo de función/relación Compilador
852 ## - LOCALIZACIÓN
Ubicación ES-MaACL
Ubicación en estantería Depósito 1
Número de control de estantería A-15601(10)
Donativo/Legado Donación: José Lázaro García
Encuadernación Holandesa
itemnumber 206878
903 ## - NOMBRE PERSONAL DE DONANTE
9 234219
a Lázaro García, José
e Donante
942 ## - ELEMENTOS DE ENTRADA SECUNDARIOS (KOHA)
Suprimir en OPAC No
Tipo de ítem Koha Libro impreso
Holdings
Estatus retirado Estado de pérdida Fuente del sistema de clasificación o colocación Estado de daño No para préstamo Biblioteca de origen Biblioteca actual Ubicación en estantería Fecha de adquisición Fuente de adquisición Total de préstamos Signatura topográfica completa Código de barras Visto por última vez Precio de reemplazo Tipo de ítem Koha
    Clasificación decimal universal     Biblioteca del Ateneo de Madrid Biblioteca del Ateneo de Madrid Depósito 1 27/05/2025 Donación   A-15601(10) 2025-1243 30/10/2025 30/10/2025 Libro impreso